|
|
|
|
| LEADER |
00688nam a2200205Ia 4500 |
| 001 |
7789 |
| 003 |
BD-DhAAL |
| 008 |
c19731970nyu 00 eng d |
| 020 |
|
|
|a 0140036962
|
| 040 |
|
|
|a SLC
|c SLC
|d EQF
|d BD-DhAAL
|
| 082 |
|
|
|a 813/.54
|
| 100 |
1 |
|
|a Gordimer, Nadine.
|9 13223
|
| 245 |
0 |
2 |
|a A guest of honour /
|c Nadine Gordimer.
|
| 260 |
|
|
|a New York :
|b Penguin Books,
|c 1973, c1970.
|
| 300 |
|
|
|a 523 p. ;
|c 20 cm.
|
| 541 |
|
|
|e 7789
|
| 650 |
|
|
|a British
|v Fiction
|z Africa
|9 13224
|
| 942 |
|
|
|2 ddc
|c BK
|
| 999 |
|
|
|c 35066
|d 35066
|
| 952 |
|
|
|0 0
|1 0
|2 ddc
|4 0
|6 813_540000000000000_GOR
|7 0
|9 54951
|a SCL
|b SCL
|c GEN
|d 2015-07-13
|e Gift
|l 3
|m 17
|o 813.54 GOR
|p 3020007789
|r 2018-08-01
|s 2018-05-17
|t 1
|w 2015-07-13
|y BK
|